Ville du Nord-Pas-De-Calais par image - Statistiques

Statistiques générales
  • Ce quiz a été pris 115 fois
  • Le résultat moyen est 5 sur 15
Statistiques - réponses
Par images Réponse % Correct
Arras
80%
Le Touquet-Paris-Plage
56%
Villeneuve-d'Ascq
56%
Lille
44%
Lens
40%
Béthune
36%
Valenciennes
34%
Boulogne-Sur-Mer
26%
Dunkerque
26%
Saint-Omer
25%
Roubaix
23%
Cambrai
19%
Cassel
19%
Montreuil-Sur-Mer
11%
Liévin
6%
Aucun quiz correspondant
Distribution des résultats
% des personnes avec chaque résultat
Percentile par nombre de réponses
Votre historique - résultats
Vous n’avez pas pris ce quiz